Coming or Going Movie Titles Quiz Stats

 Plays Quiz Updated Jan 19, 2018

Score 0/40 Timer 05:00
1 Play Today
Question Answer Wrong Answers
Never Let Me _____ (2010)
Keira Knightley, Carey Mulligan
Go
92.9%
Come
0.7%
The Russians Are _____! The Russians Are _____! (1966)
Carl Reiner, Eva Marie Saint
Coming
92.8%
Going
0.8%
All Dogs _____ to Heaven (1989)
(animated) Burt Reynolds, Dom DeLuise
Go
92.7%
Come
0.9%
Before I _____ to Sleep (2014)
Nicole Kidman, Colin Firth
Go
92.6%
Come
1%
Just _____ with It (2011)
Adam Sandler, Jennifer Aniston
Go
92.4%
Come
1.1%
What a Way to _____! (1964)
Shirley MacLaine, Paul Newman
Go
92%
Come
1.6%
Guess Who's _____ to Dinner (1967)
Spencer Tracy, Sidney Poitier
Coming
92%
Going
1.7%
Along _____ a Spider (2001)
Morgan Freeman, Michael Wincott
Came
91.9%
Went
1.7%
Along _____ Polly (2004)
Ben Stiller, Jennifer Aniston
Came
91.6%
Went
2%
13 _____ on 30 (2004)
Jennifer Garner, Mark Ruffalo
Going
91.4%
Coming
2.2%
Since You _____ Away (1944)
Claudette Colbert, Jennifer Jones
Went
91.3%
Came
2.3%
Harold & Kumar _____ to White Castle (2004)
John Cho, Kal Penn
Go
90.8%
Come
2.8%
Before We _____ (2014)
Chris Evans, Alice Eve
Go
90.5%
Come
3.1%
The Night the Lights _____ Out in Georgia (1981)
Kristy McNichol, Dennis Quaid
Went
90.5%
Came
3.1%
_____ West (1940)
Groucho Marx, Chico Marx
Go
90.3%
Come
3.3%
Just Before I _____ (2014)
Seann William Scott, Olivia Thirlby
Go
90%
Come
3.4%
Mr. Smith _____ to Washington (1939)
James Stewart, Jean Arthur
Goes
89.6%
Comes
4.1%
The Spy Who _____ in from the Cold (1965)
Richard Burton, Oskar Werner
Came
89.5%
Went
4.1%
_____ South (1978)
Jack Nicholson, Mary Steenburgen
Goin'
89.2%
Comin'
4.3%
And So It _____ (2014)
Michael Douglas, Diane Keaton
Goes
89.1%
Comes
4.6%
What Dreams May _____ (1998)
Robin Williams, Cuba Gooding Jr.
Come
88.7%
Go
4.8%
_____ and Find Me (2016)
Annabelle Wallis, Aaron Paul
Come
88.5%
Go
5%
_____ to America (1988)
Eddie Murphy, Paul Bates
Coming
84.7%
Going
8.8%
Something Wicked This Way _____ (1983)
Jason Robards, Jonathan Pryce
Comes
83.9%
Goes
9.7%
_____ in Style (2017)
Morgan Freeman, Michael Caine
Going
83.5%
Coming
10.1%
Things to _____ (1936)
Raymond Massey, Edward Chapman
Come
83.3%
Go
10.2%
The Man Who _____ to Dinner (1942)
Bette Davis, Ann Sheridan
Came
82.1%
Went
11.6%
_____ Back, Little Sheba (1952)
Burt Lancaster, Shirley Booth
Come
81.9%
Go
11.7%
_____ My Way (1944)
Bing Crosby, Barry Fitzgerald
Going
81.3%
Coming
12.2%
Lassie _____ Home (1943)
Roddy McDowall, Donald Crisp
Come
80.6%
Go
13.2%
Igby _____ Down (2002)
Kieran Culkin, Susan Sarandon
Goes
78.9%
Comes
14.5%
_____ a Horseman (1978)
James Caan, Jane Fonda
Comes
76.3%
Goes
17.1%
Jack Reacher: Never _____ Back (2016)
Tom Cruise, Cobie Smulders
Go
75%
Come
18.6%
Some _____ Running (1958)
Frank Sinatra, Dean Martin
Came
72.1%
Went
21.5%
_____ Home (1978)
Jane Fonda, Jon Voight
Coming
68%
Going
25.6%
The Harder They _____ (1972)
Jimmy Cliff, Janet Bartley
Come
65.9%
Go
27.7%
_____ Back to the 5 & Dime, Jimmy Dean, Jimmy Dean (1982)
Cher, Karen Black
Come
65.8%
Go
27.8%
Mr. Deeds _____ to Town (1936)
Gary Cooper, Jean Arthur
Goes
64.5%
Comes
29.2%
_____ Blow Your Horn (1963)
Frank Sinatra, Lee J. Cobb
Come
46.4%
Go
47.4%
Cotton _____ to Harlem (1970)
Godfrey Cambridge, Raymond St. Jacques
Comes
44.9%
Goes
48.8%

You're not logged in!

Compare scores with friends on all Sporcle quizzes.
OR
Log In

You Might Also Like...

Show Comments

Extras

Top Quizzes Today


Score Distribution

Your Account Isn't Verified!

In order to create a playlist on Sporcle, you need to verify the email address you used during registration. Go to your Sporcle Settings to finish the process.

Report this User

Report this user for behavior that violates our Community Guidelines.

Details: